Normal view
MARC view
- Patterson,David A.
Entry Personal Name
001 - CONTROL NUMBER
- control field: 710
003 - CONTROL NUMBER IDENTIFIER
- control field: NUST
005 - DATE AND TIME OF LATEST TRANSACTION
- control field: 20170515120054.0
008 - FIXED-LENGTH DATA ELEMENTS
- fixed length control field: 170515|| aca||aabn | a|a d
040 ## - CATALOGING SOURCE
- Original cataloging agency: NUST
- Transcribing agency: NUST
100 ## - HEADING--PERSONAL NAME
- Personal name: Patterson,David A.
670 ## - SOURCE DATA FOUND
- Source citation: Work cat.: (NUST)23955: Patterson,David A., Computer Organization & Design , c2005
